[Event "16th Open"]
[Site "Ljubljana SLO"]
[Date "2005.07.10"]
[Round "3"]
[White "Biti,O"]
[Black "Krasevec,V"]
[Result "1-0"]
[WhiteElo "2340"]
[BlackElo "2065"]

1.e4 d6 2.d4 Nf6 3.Nc3 Nbd7 4.Nf3 e5 5.Bc4 exd4 6.Qxd4 Nc5 7.e5 Qe7 8.O-O dxe5
9.Nxe5 Be6 10.Bb5+ Ncd7 11.Nxd7 Nxd7 12.Re1 Qd6 13.Qa4 c6 14.Bf4 Qc5 15.Bf1 Qb4
16.Bc4 Qxa4 17.Nxa4 b5 18.Bxe6 fxe6 19.Nc3 Kf7 20.Ne4 e5 21.Rad1 Rd8 22.Bxe5 Bb4
23.Bc3 Bxc3 24.Nxc3 Nf6 25.Rxd8 Rxd8 26.Rd1 Rc8 27.f3 b4 28.Ne2 c5 29.g4 g5
30.Rd6 Ke7 31.Ra6 Rc7 32.Ng3 Rd7 33.Nf5+ Kf7 34.Nd6+ Kg7 35.Kf2 h6 36.Nf5+ Kg6
37.Nd6 Kg7 38.Nf5+ Kg6 39.Rd6 Rxd6 40.Nxd6 Nd5 41.Ke2 h5 42.Kd3 hxg4 43.fxg4 Nf6
44.h3 Nd5 45.Ne4 a5 46.Nxc5 Nf4+ 47.Kc4 Nxh3 48.Ne4 Kf7 49.Kd5 Nf4+ 50.Kd6 Kg6
51.c4 bxc3 52.bxc3 Ng2 53.c4 Ne3 54.c5 Nxg4 55.c6 Nh6 56.c7  1-0

[Event "FSGM July"]
[Site "Budapest HUN"]
[Date "2005.07.11"]
[Round "10"]
[White "Fogarasi,T"]
[Black "Lorscheid,G"]
[Result "0-1"]
[WhiteElo "2490"]
[BlackElo "2285"]

1.e4 d6 2.d4 Nf6 3.Nc3 e5 4.Nge2 Be7 5.f3 O-O 6.Be3 exd4 7.Qxd4 Nc6 8.Qd2 Ne5
9.Ng3 Be6 10.O-O-O c6 11.f4 Nc4 12.Bxc4 Bxc4 13.Nf5 Re8 14.Bd4 d5 15.Qf2 Bf8
16.b3 Ba6 17.exd5 cxd5 18.Qg3 g6 19.Qg5 Ba3+ 20.Kb1 Ne4 21.Nh6+ Kf8 22.Nxe4 Rxe4
23.Bf6 Qc7 24.Be5 Qc6 25.Ng4 Re2 26.Qh6+ Ke7 27.Bf6+ Ke8 28.Rc1 Bxc1 29.Rxc1 Rxc2
30.Re1+ Re2 31.Rxe2+ Bxe2 32.Qg7 Bd3+ 33.Kb2 Qc2+ 34.Ka3 Qc5+ 35.b4 Qf8 36.Qxf8+ Kxf8
37.Ne5 Be4 38.g4 Rc8 39.b5 Ke8 40.Kb4 Rc2 41.a4 Rxh2 42.Kc5 Rc2+ 43.Kd6 d4
44.Nd7 d3 45.Be7 f5  0-1

[Event "Open"]
[Site "Condom FRA"]
[Date "2005.07.11"]
[Round "4"]
[White "Froeyman,H"]
[Black "Garrel,A"]
[Result "1/2-1/2"]
[WhiteElo "2332"]
[BlackElo "2143"]

1.e4 d6 2.d4 Nf6 3.Nc3 Nbd7 4.Nf3 e5 5.g3 Be7 6.Bg2 O-O 7.O-O c6 8.a4 b6
9.h3 Bb7 10.Be3 Qc7 11.Nh4 g6 12.f4 exd4 13.Bxd4 d5 14.exd5 Nxd5 15.Nxd5 cxd5
16.Nf3 Nc5 17.Kh2 Ne4 18.c3 Rfe8 19.Re1 Bc5 20.Ne5 Bxd4 21.Qxd4 Qc5 22.Rad1 Rad8
23.Ng4 Qxd4 24.Rxd4 Kg7 25.c4 dxc4 26.Rxd8 Rxd8 27.Bxe4 Bxe4 28.Rxe4 f5 29.Rxc4 Rd2+
30.Kg1 fxg4 31.hxg4 Rxb2 32.Rc7+ Kh6 33.Rxa7 b5 34.axb5 Rxb5 35.Kg2 Rb2+
36.Kh3 g5 37.Ra5 Rc2 38.Ra6+ Kg7 39.Ra7+ Kh6 40.Rb7 Ra2 41.Rb6+ Kg7 42.fxg5 Rc2
43.g6 h6 44.g5 h5 45.Rf6 Ra2 46.g4 hxg4+ 47.Kxg4 Ra4+ 48.Kh5 Ra1 49.Rf7+ Kg8
50.Rf4 Kg7 51.Rf7+ Kg8 52.Rd7 Rh1+ 53.Kg4 Rg1+ 54.Kf5 Rf1+ 55.Ke6 Re1+ 56.Kf6 Rf1+
57.Ke5 Re1+ 58.Kf6 Rf1+ 59.Ke7 Re1+ 60.Kd8 Rg1 61.Ke7 Re1+ 62.Kd8 Rg1 63.Rd5 Kg7
64.Ke7  1/2-1/2

[Event "34th TCh-GRE"]
[Site "Ermioni Argolidas GRE"]
[Date "2005.07.11"]
[Round "9"]
[White "Dimitrov,A"]
[Black "Solak,D"]
[Result "0-1"]
[WhiteElo "2298"]
[BlackElo "2557"]

1.d4 d6 2.e4 Nf6 3.Nc3 e5 4.Nf3 Nbd7 5.Bc4 Be7 6.O-O O-O 7.Re1 c6 8.a4 b6
9.d5 c5 10.Nd2 a6 11.Bf1 Ne8 12.Nc4 Bg5 13.g3 Bxc1 14.Qxc1 Rb8 15.Qe3 g6
16.f4 Qe7 17.Rab1 Nef6 18.b4 cxb4 19.Rxb4 Re8 20.Bg2 a5 21.Rbb1 Ba6 22.Nb5 Bxb5
23.Rxb5 Nc5 24.Rxb6 Rxb6 25.Nxb6 Qa7 26.fxe5 Ng4 27.Qd4 Nxe5 28.Rb1 Rb8  0-1

[Event "34th TCh-GRE"]
[Site "Ermioni Argolidas GRE"]
[Date "2005.07.11"]
[Round "9"]
[White "Karayannis,A"]
[Black "Aftsoglou,I"]
[Result "1-0"]
[WhiteElo "2387"]
[BlackElo "2261"]

1.d4 Nf6 2.Nc3 d6 3.e4 Nbd7 4.f4 c5 5.d5 g6 6.Nf3 Qc7 7.Qe2 Nb6 8.a4 Bg4
9.Qb5+ Nbd7 10.Nd2 a6 11.Qd3 Nb6 12.a5 Nc8 13.Nc4 e6 14.h3 exd5 15.Nb6 Nxb6
16.axb6 Qe7 17.hxg4 dxe4 18.Qe3 O-O-O 19.g5 Ng4 20.Qh3 h5 21.Be2 Bg7 22.Nd5 Qe6
23.Qb3 Bd4 24.Bxa6 Nf2 25.Bb5  1-0

[Event "ch-Paris Open"]
[Site "Paris FRA"]
[Date "2005.07.11"]
[Round "3"]
[White "Gouliev,N"]
[Black "Vijayalakshmi,S"]
[Result "1-0"]
[WhiteElo "2555"]
[BlackElo "2414"]

1.e4 d6 2.d4 Nf6 3.Nc3 e5 4.Nf3 Nbd7 5.Bc4 Be7 6.O-O O-O 7.a4 c6 8.Re1 b6
9.Bg5 a6 10.d5 c5 11.Nd2 Ra7 12.Bf1 Ne8 13.Be3 g6 14.Bh6 Ng7 15.Nc4 Nf6 16.h3 Kh8
17.Qd2 Ng8 18.Be3 f5 19.f4 exf4 20.Bxf4 Nh5 21.e5 Nxf4 22.Qxf4 Bg5 23.Qf3 dxe5
24.Nxe5 Rg7 25.Rad1 Nf6 26.Re2 Ne8 27.a5 b5 28.Ne4 Nd6 29.Nxc5 Qxa5 30.Kh1 f4
31.Nc6 Qc7 32.Ne6 Bxe6 33.Rxe6 Nf5 34.d6 Qc8 35.Qd5 Rd7 36.c4 Bf6 37.c5 Ne3
38.Rxe3 fxe3 39.Be2 Bxb2 40.Nd4 Rg7 41.Ne6 Rgf7 42.d7 Rxd7 43.Qxd7 Qxd7 44.Rxd7 Rc8
45.c6 Be5 46.c7 Bxc7 47.Rxc7 Re8 48.Ng5 Kg8 49.Nxh7 Rd8 50.Bg4 Rd6 51.Kg1 b4
52.Be2 a5 53.Bc4+ Kh8 54.Ng5  1-0

[Event "Andorra Open"]
[Site "Andorra la Vella AND"]
[Date "2005.07.12"]
[Round "4"]
[White "Spraggett,K"]
[Black "Tratar,M"]
[Result "1-0"]
[WhiteElo "2592"]
[BlackElo "2419"]

1.e4 d6 2.d4 Nf6 3.Nc3 e5 4.Nge2 Be7 5.g3 exd4 6.Nxd4 d5 7.exd5 Nxd5 8.Bd2 O-O
9.Bg2 Nxc3 10.Bxc3 Bf6 11.O-O c6 12.Qd3 Na6 13.Rad1 Qb6 14.Qc4 Bg4 15.Rd2 Rad8
16.h3 c5 17.Nb3 Be6 18.Qe4 Bxc3 19.bxc3 Rxd2 20.Nxd2 Bc8 21.Nc4 Qf6 22.Rd1 Qxc3
23.Nd6 Be6 24.Qxb7 Qxc2 25.Bf3 Nb4 26.Ne4 Qxa2 27.Nxc5 a5 28.Qe7 g6 29.Ne4 Qa4
30.Qg5 Qb3 31.Nf6+ Kg7 32.Nh5+ Kg8 33.Rd8 Qb1+ 34.Kh2  1-0

[Event "16th Open"]
[Site "Ljubljana SLO"]
[Date "2005.07.12"]
[Round "5"]
[White "Soln,P"]
[Black "Srebrnic,M"]
[Result "1-0"]
[WhiteElo "2351"]
[BlackElo "2238"]

1.d4 d6 2.e4 Nf6 3.Nc3 e5 4.Nf3 Nbd7 5.Bc4 Be7 6.O-O O-O 7.h3 c6 8.a4 b6
9.Re1 a6 10.d5 cxd5 11.Nxd5 Nxd5 12.Qxd5 Rb8 13.Be3 Nf6 14.Qd3 Bb7 15.Bg5 Qc7
16.Bxf6 Bxf6 17.Re2 a5 18.Bd5 Bc8 19.b3 Be6 20.Rd1 Rfd8 21.Red2 Qc5 22.Qb5 Be7
23.Qxc5 bxc5 24.Rd3 Bc8 25.Nd2 Ba6 26.Bc4 Bb7 27.f3 g6 28.Nf1 Kg7 29.Ne3 Rf8
30.g4 Bc6 31.Bd5 Be8 32.Nc4 Rb4 33.Nxa5 f5 34.Nc4 h5 35.gxf5 gxf5 36.Ra1 fxe4
37.fxe4 Bf7 38.Bxf7 Rxf7 39.a5 Bf8 40.Rg3+ Kh7 41.Rf1 Rxf1+ 42.Kxf1 Rb7 43.Ke2 Ra7
44.Rg1 Be7 45.Ra1 Kg6 46.a6 Kf7 47.Nb6 Ke6 48.Kd3 Bd8 49.Nd5 Kd7 50.Kc4 Kc6
51.c3  1-0

[Event "16th Open"]
[Site "Ljubljana SLO"]
[Date "2005.07.12"]
[Round "5"]
[White "Groszpeter,A"]
[Black "Biti,O"]
[Result "1/2-1/2"]
[WhiteElo "2525"]
[BlackElo "2340"]

1.e4 d6 2.d4 Nf6 3.Nc3 e5 4.Nf3 Nbd7 5.Bc4 Be7 6.O-O O-O 7.Re1 a6 8.a4 b6
9.b3 Bb7 10.d5 Kh8 11.Bf1 Ng8 12.a5 g6 13.Na2 f5 14.axb6 cxb6 15.exf5 gxf5
16.Nb4 Nb8 17.Bb2 Bf6 18.Nd2 Ne7 19.Nc4 Ng6 20.Nc6 Nxc6  1/2-1/2

[Event "16th Open"]
[Site "Ljubljana SLO"]
[Date "2005.07.12"]
[Round "6"]
[White "Pucelj,J"]
[Black "Srebrnic,V"]
[Result "0-1"]
[WhiteElo "2100"]
[BlackElo "2251"]

1.d4 d6 2.e4 Nf6 3.Nc3 e5 4.dxe5 dxe5 5.Qxd8+ Kxd8 6.Bd3 Bc5 7.Bg5 c6 8.Nge2 h6
9.Bh4 Nd7 10.f3 Ke7 11.Bf2 Bxf2+ 12.Kxf2 Nc5 13.Rad1 a5 14.g4 Be6 15.Ng3 b5
16.Nf5+ Bxf5 17.exf5 b4 18.Ne4 Nfxe4+ 19.Bxe4 Rac8 20.b3 Rhd8 21.Ke3 Rd6
22.Rxd6 Kxd6 23.Rd1+ Kc7 24.Bd3 Rd8 25.Be2 Ra8 26.Bc4 f6 27.h4 a4 28.g5 hxg5
29.hxg5 axb3 30.axb3 Rh8 31.Bf7 Rh3 32.gxf6 gxf6 33.Rf1 Kd6 34.Rf2 e4 35.Kf4 Rxf3+
36.Rxf3 exf3 37.Kxf3 Ke5 38.Be8 Kd5 39.Kg4 Ne4 40.Kh5 Nd6 41.Bd7 c5 42.Kg6 Ke5
43.Be6 Ne4 44.Bc4 Nc3 45.Bd3 Nd1 46.Bc4 Nf2 47.Bf1 Ng4 48.Be2 Ne3 49.Bd3 Ng2
50.Kf7 Nh4 51.Ke7 Nxf5+  0-1

[Event "DMP 1st League"]
[Site "Koszalin POL"]
[Date "2005.07.13"]
[Round "11"]
[White "Strzemiecki,Z"]
[Black "Bebel,A"]
[Result "1/2-1/2"]
[WhiteElo "2195"]
[BlackElo "1990"]

1.e4 d6 2.d4 Nf6 3.Nc3 e5 4.dxe5 dxe5 5.Qxd8+ Kxd8 6.Nf3 Bd6 7.Bg5 Be6 8.O-O-O Ke7
9.Nd5+ Bxd5 10.Bxf6+ Kxf6 11.Rxd5 Nd7 12.Rd2 Nc5 13.Bd3 a5 14.Ne1 Ke7 15.g3 f6
16.Ng2 g5 17.Ne3 Nxd3+ 18.Rxd3 Rad8 19.Nf5+ Ke6 20.h4 h6 21.f3 b6 22.c3 Rc8
23.Kc2 a4 24.Rd2 Rcg8 25.Rdh2 g4 26.fxg4 Rxg4 27.Re2 h5 28.Rd1 Rd8 29.Rd3 Rd7
30.Kd2 Rd8 31.Ke1 b5 32.Kf1 Rb8 33.a3 Rd8 34.Kg2 Rb8 35.Kf3 Rg6 36.Red2 Rb6
37.Rg2 Rb8 38.Rd1 Rg4 39.Rdg1 Bc5 40.Rd1 Bd6 41.Ne3 Rg7 42.g4 hxg4+ 43.Rxg4 Rxg4
44.Kxg4 c5 45.h5 Rg8+ 46.Kf3 Bf8 47.Nf5 Rh8 48.Rd8 Kf7 49.h6 Rh7 50.Rd5 b4
51.cxb4 cxb4 52.axb4 Bxb4 53.Kg4 Kg6 54.Rd3 Bf8 55.Rh3 Bxh6 56.Nh4+ Kg7 57.Rc3 Bg5
58.Rc7+ Kh6 59.Nf5+ Kg6 60.Rc4 Ra7 61.Rb4 Kf7 62.Nd6+ Ke6 63.Nb5 Ra5 64.Na3 Ra6
65.Nc4 Bc1 66.Na3 Bd2 67.Rc4 Bf4 68.Rb4 Bd2 69.Rb8 Bc1 70.Nc4 Rc6 71.Rb4 Ra6
72.Rb5 a3 73.bxa3 Bxa3 74.Nxa3 Rxa3 75.Rb6+ Kf7 76.Rb4 Kg6 77.Rc4 Rd3 78.Rc8 Re3
79.Rc4 Kf7 80.Ra4 Rd3 81.Ra7+ Ke6 82.Ra6+ Rd6 83.Ra4 Rb6 84.Rc4 Rb3 85.Ra4  1/2-1/2

[Event "DMP 1st League"]
[Site "Koszalin POL"]
[Date "2005.07.13"]
[Round "11"]
[White "Gajdzica,M"]
[Black "Mazurkiewicz,M"]
[Result "1/2-1/2"]
[WhiteElo "2052"]
[BlackElo "2124"]

1.d4 d6 2.e4 Nf6 3.Nc3 e5 4.Nf3 Nbd7 5.Bc4 Be7 6.O-O O-O 7.Re1 c6 8.a4 Qc7
9.a5 Rb8 10.Qe2 b5 11.axb6 axb6 12.d5 b5 13.Ba2 b4 14.dxc6 bxc3 15.cxd7 Bxd7
16.bxc3 Qxc3 17.Bg5 Ra8 18.Qc4 Qa5  1/2-1/2

[Event "Magistral"]
[Site "Salamanca ESP"]
[Date "2005.07.13"]
[Round "4"]
[White "Lopez Rodriguez,JL"]
[Black "Galego,L"]
[Result "0-1"]
[WhiteElo "2226"]
[BlackElo "2501"]

1.e4 d6 2.d4 Nf6 3.Nc3 c6 4.Nf3 Bg4 5.h3 Bxf3 6.Qxf3 e6 7.Bd3 d5 8.exd5 cxd5
9.Ne2 Nc6 10.O-O h6 11.h4 Bd6 12.Bf4 Bxf4 13.Qxf4 Qb8 14.Qxb8+ Rxb8 15.a4 Ke7
16.c3 g5 17.hxg5 hxg5 18.f3 g4 19.f4 Kd6 20.Ng3 Nh5 21.Nxh5 Rxh5 22.Kf2 Rbh8
23.Rae1 f5 24.Re3 Rh1 25.Rfe1 Rxe1 26.Rxe1 Nb8 27.c4 dxc4 28.Bxc4 Rh6 29.d5 exd5
30.Rd1 d4 31.b4 Nc6 32.b5 Nb4 33.Bb3 Kc5 34.Rc1+ Kb6 35.Rd1 Rd6 36.Kg3 d3
37.Kh4 Rd4  0-1

[Event "2nd S Wales Int"]
[Site "Caerleon WLS"]
[Date "2005.07.14"]
[Round "8"]
[White "James,R"]
[Black "Trevelyan,J"]
[Result "1-0"]
[WhiteElo "2219"]
[BlackElo "2196"]

1.e4 d6 2.d4 Nf6 3.Nc3 Nbd7 4.Nf3 e5 5.g4 Nxg4 6.Rg1 Ngf6 7.Bc4 h6 8.Be3 c6
9.Qd3 Qc7 10.O-O-O b5 11.Bxb5 cxb5 12.dxe5 dxe5 13.Nxb5 Qa5 14.Qc4 Rb8 15.a4 Qb4
16.Nxe5 Qxc4 17.Nxc4 a6 18.Nc7+ Kd8 19.Bf4 Rb4 20.Na5 Bb7 21.c3 Rb6 22.Nd5 Bxd5
23.exd5 g5 24.Nc6+ Kc8 25.a5 Rb7 26.Bg3 Ne4 27.Rge1 Nxg3 28.fxg3 Bd6 29.b4 Rf8
30.Re4 Nf6 31.Re2 Kd7 32.Nd4 Rc7 33.Kb2 Ng4 34.Nc6 Re8 35.Rde1 Rcc8 36.c4 Rxe2+
37.Rxe2 Re8 38.Rxe8 Kxe8 39.c5 Be5+ 40.Ka2  1-0

[Event "Open"]
[Site "Condom FRA"]
[Date "2005.07.15"]
[Round "8"]
[White "Bouthier,J"]
[Black "Garrel,A"]
[Result "0-1"]
[WhiteElo "2015"]
[BlackElo "2143"]

1.e4 d6 2.d4 Nf6 3.Nc3 Nbd7 4.Nf3 e5 5.Bc4 Be7 6.dxe5 Nxe5 7.Nxe5 dxe5 8.Qe2 c6
9.O-O b5 10.Bd3 O-O 11.f4 b4 12.Na4 c5 13.b3 Bg4 14.Qf2 Bd7 15.Nb2 Bc6 16.Qe2 Nxe4
17.Be3 Nc3 18.Qh5 e4 19.Bc4 g6 20.Qg4 Bd5 21.f5 Bxc4 22.Nxc4 Bf6 23.Bxc5 h5
24.Qh3 Ne2+ 25.Kh1 Bxa1 26.Rxa1 Qf6 27.Rf1 Rfd8 28.Qe3 Qxf5 29.Qxe2 Qxc5
30.Qxe4 Qf2 31.Rg1 Re8 32.Qb7 Rab8 33.Qc7 Rbc8 34.Qd7 Rcd8 35.Qc7 Rd1  0-1

[Event "27th Open"]
[Site "Oberwart AUT"]
[Date "2005.07.16"]
[Round "8"]
[White "Weinzettl,E"]
[Black "Klenburg,M"]
[Result "0-1"]
[WhiteElo "2347"]
[BlackElo "2400"]

1.e4 d6 2.d4 Nf6 3.Nc3 e5 4.Nf3 Nbd7 5.g3 Be7 6.Bg2 O-O 7.O-O a6 8.a4 b6
9.b3 Bb7 10.Re1 Re8 11.Bb2 c6 12.Qd2 Bf8 13.Rad1 Qc7 14.Nh4 g6 15.Ba3 c5
16.dxe5 dxe5 17.Bf1 Bc6 18.Bb2 Qb7 19.Nd5 b5 20.a5 c4 21.b4 Nxe4 22.Rxe4 Bxd5
23.Ree1 Bc6 24.Bh3 Rad8 25.Qc3 f6 26.Bc1 Bg7 27.Be3 Nf8 28.Rxd8 Rxd8 29.Bb6 Re8
30.Rd1 f5 31.Qe3 Ne6 32.c3 Qe7 33.Qd2 Nf4 34.Bf1 Nd5 35.Bg2 e4 36.Bd4 Bxd4
37.Qxd4 Qe5  0-1

[Event "2nd Sanjin Hotel Cup"]
[Site "Tiayuan CHN"]
[Date "2005.07.16"]
[Round "8"]
[White "Karjakin,Sergey"]
[Black "McShane,L"]
[Result "1/2-1/2"]
[WhiteElo "2645"]
[BlackElo "2625"]

1.e4 d6 2.d4 Nf6 3.Nc3 e5 4.dxe5 dxe5 5.Qxd8+ Kxd8 6.Bc4 Ke8 7.Nf3 Bd6 8.Bg5 Nbd7
9.O-O-O a6 10.a4 h6 11.Bh4 b6 12.Rhe1 Bb7 13.Kb1 Rb8 14.h3 g6 15.Bb3 Ba8
16.Nd2 g5 17.Bg3 b5 18.axb5 axb5 19.Nf1 Bb4 20.f3 c5 21.Bd5 Nxd5 22.exd5 f6
23.Ne3 Kf7 24.Re2 Kg6 25.Be1 h5 26.h4 gxh4 27.Bxh4 c4 28.Be1 f5 29.d6 h4
30.Ned5 Bxd5 31.Nxd5 Bxe1 32.Rexe1 f4 33.Ne7+ Kf6 34.Nd5+ Kg5 35.b3 Rh6 36.Nc3 Kf5
37.Ne4 h3 38.gxh3 Rxh3 39.Rf1 cxb3 40.cxb3 Rd8 41.Nc3 b4 42.Nd5 Rdh8 43.Kc2 Rh2+
44.Rd2 Rxd2+ 45.Kxd2 Nc5 46.Nxb4 Nxb3+ 47.Kc3 Nd4 48.Kc4 Ke6 49.d7 Kxd7 50.Kd5 Rh5
51.Nd3 Ke7 52.Nxf4 exf4+  1/2-1/2

[Event "Politiken Cup"]
[Site "Copenhagen DEN"]
[Date "2005.07.17"]
[Round "2"]
[White "Richards,H"]
[Black "Vasquez,R"]
[Result "0-1"]
[WhiteElo "2150"]
[BlackElo "2558"]

1.e4 d6 2.d4 Nf6 3.Nc3 Nbd7 4.Nf3 e5 5.dxe5 dxe5 6.Bc4 Bb4 7.O-O c6 8.a4 O-O
9.Qe2 Qe7 10.Nh4 Nb6 11.Bb3 Bg4 12.Qe3 Be6 13.a5 Nbd7 14.Nf5 Bxf5 15.exf5 Rfe8
16.Ne2 Qd8 17.Qh3 Bxa5 18.Bg5 Qb6 19.Ng3 Bb4 20.Rad1 Qc7 21.Qh4 Bf8 22.Nh5 Nd5
23.Bxd5 cxd5 24.Rxd5 f6 25.Bh6 Re7 26.Rfd1 Kh8 27.Be3 Qxc2 28.g4 Qc6 29.g5 fxg5
30.Bxg5 Rf7 31.h3 Re8 32.f6 g6 33.Ng7 Ra8 34.f4 exf4 35.Rxd7 Rxd7 36.Rxd7 Qxd7
37.Qxf4 Rc8 38.h4 Rc2 39.Qf3 Bc5+ 40.Kf1 Qd4  0-1

[Event "Politiken Cup"]
[Site "Copenhagen DEN"]
[Date "2005.07.17"]
[Round "2"]
[White "Nielsen,Mor"]
[Black "Marzano,C"]
[Result "0-1"]
[WhiteElo "2053"]
[BlackElo "2201"]

1.e4 d6 2.d4 Nf6 3.Nc3 e5 4.dxe5 dxe5 5.Qxd8+ Kxd8 6.Nf3 Bd6 7.Bc4 Be6 8.Bxe6 fxe6
9.Bg5 Ke7 10.O-O-O a6 11.Rd3 Nd7 12.Rhd1 h6 13.Be3 Ng4 14.Nh4 Rhb8 15.h3 Nxe3
16.Rxe3 b5 17.Ng6+ Kf7 18.Rg3 Nf6 19.Re1 a5 20.Nb1 Ra6 21.Nd2 Rc6 22.Nf3 Rc5
23.Nfh4 Rc4 24.Rge3 Rb6 25.g3 Rbc6 26.R1e2 Nh5 27.Rf3+ Ke8 28.Ng2 Nf6 29.Rfe3 Kf7
30.N6h4 Bc5 31.Rf3 Ke8 32.b3 Ba3+ 33.Kb1 Rxe4 34.Rxe4 Nxe4 35.Rd3 Nxf2 36.Rd2 Ne4
37.Rd3 Nc3+ 38.Ka1 b4 39.Ng6 Rd6 40.Nxe5 Ke7 41.Nc4 Rxd3 42.cxd3 a4 43.bxa4 Nxa4
44.Nge3 Bc1 45.Nc2 c5 46.d4 cxd4 47.Nxd4 Kf6 48.Nc6 Ba3 49.N6e5 Nc3 50.Ng4+ Ke7
51.Nge3 Kf6 52.Nc2 Nb5 53.N2xa3 bxa3 54.Kb1 Nc3+ 55.Kc2 Nxa2 56.Nxa3 Ke5
57.Kd3 Nb4+ 58.Ke3 Nd5+ 59.Kf3 h5 60.Nc4+ Kd4 61.Nd6 Kd3 62.h4  0-1

[Event "27th Open"]
[Site "Oberwart AUT"]
[Date "2005.07.17"]
[Round "9"]
[White "Shengelia,D"]
[Black "Korotkjevich,S"]
[Result "1/2-1/2"]
[WhiteElo "2525"]
[BlackElo "2349"]

1.d4 d6 2.e4 Nf6 3.Nc3 c6 4.g3 g6 5.Bg2 Bg7 6.Nge2 O-O 7.O-O e5 8.a4 Bg4
9.h3 exd4 10.hxg4 dxc3 11.Nxc3 Qe7 12.Bf4 Ne8 13.Qe2 Nd7 14.Rad1 Nc5 15.Qe3 Ne6
16.Bh6 Bxh6 17.Qxh6 Nf6 18.Qh4 g5 19.Qh3 Nc5 20.b4 Ne6 21.f4 Kg7 22.Rde1 h6
23.Nd1 Rh8 24.Ne3 Kf8 25.Nf5 Qc7 26.e5 dxe5 27.fxe5 Ne8 28.Qh5 N8g7 29.Nxg7 Kxg7
30.Rf6 Rae8 31.Be4 Nd8 32.Ref1 Rxe5 33.Rg6+ Kf8 34.Rxh6 Rxh6 35.Qxh6+ Ke8
36.Qh8+ Ke7 37.Qf6+ Ke8 38.Qh8+ Ke7 39.Qf6+ Ke8 40.Bg2 Qe7 41.Qxe7+ Kxe7
42.Kf2 Ne6 43.Rd1 a5 44.c3 Nc7 45.Rb1 Kd6 46.Rd1+ Ke7 47.Rb1 Kd6 48.Rd1+ Ke7
49.Rd2 Ne8 50.Re2 Rxe2+ 51.Kxe2 axb4 52.cxb4 Kd6 53.Kd3 Nf6 54.Bf3 Nd7 55.Kc4  1/2-1/2

[Event "ACT Open"]
[Site "Amsterdam NED"]
[Date "2005.07.18"]
[Round "3"]
[White "Doggers,P"]
[Black "Odink,K"]
[Result "1-0"]
[WhiteElo "2249"]
[BlackElo "2198"]

1.e4 d6 2.d4 Nf6 3.Nc3 e5 4.Nf3 Nbd7 5.Bc4 Be7 6.O-O O-O 7.Re1 c6 8.a4 b6
9.d5 cxd5 10.Nxd5 Bb7 11.b3 Nxd5 12.Bxd5 Qc7 13.Bxb7 Qxb7 14.Ba3 Nf6 15.Qe2 g6
16.Rad1 Rad8 17.c4 Nh5 18.Bc1 Rfe8 19.Bh6 Bf8 20.Bc1 Ng7 21.Rd5 f5 22.Red1 Ne6
23.Qc2 f4 24.Ba3 Qc6 25.h3 a6 26.Qe2 Be7 27.Kh2 Qc7 28.c5 bxc5 29.Qxa6 Nd4
30.Qc4 Kg7 31.Nxd4 exd4 32.R5xd4 Bf6 33.Rd5 Qe7 34.f3 Be5 35.b4 cxb4 36.Bxb4 Rc8
37.Qd3 Qa7 38.a5 Qf2 39.Bxd6 Rc2 40.Rg1 Bf6 41.Bxf4 Rc3 42.Rd7+ Kh8 43.Qd6  1-0

[Event "ACT Open"]
[Site "Amsterdam NED"]
[Date "2005.07.19"]
[Round "4"]
[White "Cheparinov,I"]
[Black "Belkhodja,S"]
[Result "1/2-1/2"]
[WhiteElo "2634"]
[BlackElo "2468"]

1.e4 d6 2.d4 Nf6 3.Nc3 e5 4.Nf3 Nbd7 5.Bc4 Be7 6.O-O O-O 7.Re1 a6 8.a4 b6
9.b3 Bb7 10.d5 Kh8 11.Qe2 Ng8 12.Be3 g6 13.Na2 f5 14.exf5 gxf5 15.Nb4 f4
16.Bd2 Bf6 17.Bc3 a5 18.Nc6 Bxc6 19.dxc6 Nc5 20.Rad1 Qe8 21.Kh1 Qg6 22.Ba1 Rae8
23.Rg1 e4 24.Nd4 Nh6 25.f3 Nf5 26.Nxf5 Qxf5 27.Bxf6+ Qxf6 28.Bd5 e3 29.g3 Ne6
30.Bxe6 Rxe6 31.gxf4 Qxf4 32.Rg3 Rg6 33.Rdg1 Rff6 34.Qa6 Qf5 35.Qc4 Kg7 36.Qe4 Qxe4
37.fxe4 Rf2 38.Rxe3 Rxc2 39.e5 Rxg1+ 40.Kxg1 dxe5 41.Rxe5 Rxc6 42.Re3 Kf7
43.Kf2 Re6 44.Rc3 c6 45.Kf3 Ke7 46.Kf4 Kd6 47.h4 b5 48.axb5 cxb5 49.Rc8 Rg6
50.Ra8 Kc5 51.h5 Rg7 52.Rxa5 Kb4 53.Ra6 Kxb3 54.h6 Rc7 55.Ra8 Kc4  1/2-1/2

[Event "Open"]
[Site "Ghent BEL"]
[Date "2005.07.19"]
[Round "8"]
[White "Remmel,T"]
[Black "Dutreeuw,M"]
[Result "0-1"]
[WhiteElo "2212"]
[BlackElo "2361"]

1.e4 d6 2.d4 Nf6 3.Nc3 e5 4.dxe5 dxe5 5.Qxd8+ Kxd8 6.Bc4 Ke8 7.Nf3 Bd6 8.Be3 a6
9.O-O-O Nbd7 10.a3 b5 11.Ba2 Bb7 12.Rd2 h6 13.Re1 Kf8 14.Bd5 Bxd5 15.exd5 g6
16.Rde2 Kg7 17.Nd2 Rhb8 18.Rd1 Ng4 19.f3 Nxe3 20.Rxe3 Nb6 21.Re2 Rd8 22.Nde4 Bf8
23.g3 Rd7 24.Nf2 f6 25.f4 exf4 26.gxf4 Rad8 27.Red2 Bc5 28.Ng4 f5 29.b4 Bxb4
30.axb4 fxg4 31.Rd3 h5  0-1

[Event "Aegean Open"]
[Site "Kirykos GRE"]
[Date "2005.07.19"]
[Round "8"]
[White "Poulos,G"]
[Black "Petousis,K"]
[Result "1-0"]
[WhiteElo "2074"]
[BlackElo "1871"]

1.e4 d6 2.d4 Nf6 3.Nc3 c6 4.f4 Qa5 5.Bd3 e5 6.Nf3 Bg4 7.Be3 Nbd7 8.Qd2 Be7
9.O-O-O O-O 10.Rhg1 b5 11.Kb1 exd4 12.Nxd4 b4 13.Nce2 Rfc8 14.h3 Be6 15.Nxe6 fxe6
16.g4 c5 17.g5 c4 18.gxf6 Bxf6 19.e5 cxd3 20.Qxd3 Be7 21.exd6 Bf6 22.Qb3 Kf7
23.Nd4 Nc5 24.Qc4 Bxd4 25.Bxd4  1-0

[Event "Mercosur Cup"]
[Site "Vicente Lopez ARG"]
[Date "2005.07.21"]
[Round "7"]
[White "Fernandez,D USA"]
[Black "Scarella,E"]
[Result "1/2-1/2"]
[WhiteElo "2406"]
[BlackElo "2367"]

1.e4 d6 2.d4 Nf6 3.Nc3 e5 4.Nf3 Nbd7 5.g4 g6 6.h3 Bg7 7.Bg2 O-O 8.O-O c6
9.Be3 Re8 10.Qd2 Qc7 11.Rfe1 b5 12.a3 Rb8 13.Rad1 a5 14.g5 b4 15.gxf6 bxc3
16.Qxc3 Nxf6 17.dxe5 dxe5 18.Nd2 Be6 19.b3 a4 20.Nc4 Nh5 21.Bc5 Bf8 22.Bxf8 Rxf8
23.Nxe5 axb3 24.Nxc6 Nf4 25.Qc5 Rfe8 26.cxb3 Bxh3 27.Bf3 Rxb3 28.Rd8 Rxd8
29.Ne7+ Qxe7 30.Qxe7 Rdb8 31.Qd6 Ne6 32.Re3 Rb1+ 33.Kh2 Ng5 34.Bg2 Bxg2 35.Kxg2 R1b6
36.Qg3 Ne6 37.a4 Ra8 38.Rb3 Rxb3 39.Qxb3 Nc5 40.Qd5 Rxa4 41.Qxc5 Rxe4 42.Kf3 Re6
43.Kg4 h6 44.f4 Rf6 45.Qc8+ Kh7 46.Qd8 Rf5 47.Qf8 Rf6 48.Qe7 Rf5 49.Qf8 Rf6
50.Qe7  1/2-1/2

[Event "ACT Open"]
[Site "Amsterdam NED"]
[Date "2005.07.22"]
[Round "7"]
[White "Riemens,A"]
[Black "Gavin Roche,E"]
[Result "1/2-1/2"]
[WhiteElo "2210"]
[BlackElo "2230"]

1.e4 d6 2.d4 Nf6 3.Nc3 e5 4.Nf3 Nbd7 5.Bc4 Be7 6.O-O O-O 7.Re1 c6 8.a4 b6
9.Ba2 a6 10.Qe2 Qc7 11.h3 Ne8 12.dxe5 dxe5 13.Be3 Rb8 14.Nh2 b5 15.axb5 axb5
16.Qf3 Nef6 17.Ne2 Nc5 18.Ng3 b4 19.Bc4 Be6 20.Bxc5 Bxc5 21.Qd3 Qb6 22.Re2 Bxc4  1/2-1/2

[Event "Open A"]
[Site "Pardubice CZE"]
[Date "2005.07.22"]
[Round "1"]
[White "Vachtfeidl,P"]
[Black "Biti,O"]
[Result "0-1"]
[WhiteElo "2124"]
[BlackElo "2340"]

1.e4 d6 2.d4 Nf6 3.Nc3 e5 4.Nf3 Nbd7 5.Bc4 Be7 6.O-O O-O 7.Re1 c6 8.a4 a5
9.h3 Nb6 10.Bb3 Nfd7 11.dxe5 dxe5 12.Be3 Qc7 13.Nd2 Nc5 14.Nc4 Nbd7 15.Ba2 Nf6
16.Qf3 Be6 17.Rad1 Rfd8 18.Bxc5 Bxc5 19.Ne3 Bd4 20.Bxe6 fxe6 21.Rd3 Rf8 22.Ned1 Nd7
23.Qe2 Rf7 24.Rf3 Rxf3 25.Qxf3 Rf8 26.Qe2 Qb6 27.b3 Nf6 28.g3 Qc5 29.Qd3 Bxf2+
30.Nxf2 Ng4 31.Re2 Rxf2  0-1

[Event "Open A"]
[Site "Pardubice CZE"]
[Date "2005.07.23"]
[Round "2"]
[White "Zhigalko,S"]
[Black "Lorscheid,G"]
[Result "1-0"]
[WhiteElo "2485"]
[BlackElo "2285"]

1.e4 d6 2.d4 Nf6 3.Nc3 e5 4.Nf3 Nbd7 5.Bc4 Be7 6.O-O O-O 7.Re1 c6 8.a4 b6
9.b3 a6 10.d5 c5 11.Bd3 Ne8 12.Nd2 Qc7 13.Nc4 Rb8 14.Qe2 g6 15.Bh6 Ng7 16.Ne3 Ra8
17.g3 Qd8 18.Rab1 Bg5 19.Bxg5 Qxg5 20.Nc4 Ne8 21.b4 f5 22.bxc5 bxc5 23.f3 f4
24.g4 h5 25.Qg2 Ra7 26.h3 Rf7 27.Kf2 hxg4 28.hxg4 Rh7 29.Rh1 Rxh1 30.Rxh1 Ndf6
31.Nb6 Bxg4 32.Be2 Rf7 33.Nc4 Rh7 34.Rxh7 Kxh7 35.fxg4 Qh4+ 36.Kf1 Kg7 37.Nd2  1-0

[Event "Open A"]
[Site "Pardubice CZE"]
[Date "2005.07.23"]
[Round "2"]
[White "Potapov,P"]
[Black "Voloshin,L"]
[Result "1/2-1/2"]
[WhiteElo "2285"]
[BlackElo "2477"]

1.e4 d6 2.d4 Nf6 3.Nc3 e5 4.dxe5 dxe5 5.Qxd8+ Kxd8 6.Bg5 Be6 7.O-O-O+ Nd7
8.Nf3 h6 9.Bxf6+ gxf6 10.Nd5 Kc8 11.Nh4 c6 12.Ne3 Bxa2 13.b3 Ba3+ 14.Kd2 Nc5
15.Bd3 Bb4+ 16.Ke2 Bc3 17.Nhf5 Kc7 18.Ng4 a5 19.Ngxh6 a4 20.bxa4 Rxa4 21.Kf3 Be6
22.h4 b5 23.h5 b4 24.Ng4 Nxd3 25.Rxd3 Ra2 26.Nfe3 Bd4 27.h6 c5 28.Nxf6 Kc6
29.Nfd5 Bxd5 30.exd5+ Kb5 31.h7 c4 32.Rdd1 Kc5 33.Ke4 b3 34.cxb3 cxb3 35.Rc1+ Kb5  1/2-1/2

[Event "Open A"]
[Site "Pardubice CZE"]
[Date "2005.07.23"]
[Round "2"]
[White "Simacek,P"]
[Black "Lubczynski,R"]
[Result "0-1"]
[WhiteElo "2453"]
[BlackElo "2340"]

1.e4 d6 2.d4 Nf6 3.Nc3 e5 4.Nge2 Nc6 5.f3 Be7 6.Be3 O-O 7.Qd2 exd4 8.Nxd4 d5
9.Nxc6 bxc6 10.e5 Nd7 11.f4 Nb6 12.Rd1 Bg4 13.Be2 Nc4 14.Qc1 Bxe2 15.Nxe2 f6
16.Nd4 fxe5 17.Ne6 Bh4+ 18.Bf2 Qe7 19.Bxh4 Qxh4+ 20.g3 Qh3 21.Nxf8 Qg2 22.Ne6 Qxh1+
23.Kf2 Qxh2+ 24.Kf3 e4+ 25.Kg4 h5+ 26.Kf5 Qh3+ 27.Kg6 Qxe6+  0-1

[Event "ACT Open"]
[Site "Amsterdam NED"]
[Date "2005.07.24"]
[Round "9"]
[White "Khenkin,I"]
[Black "Belkhodja,S"]
[Result "1-0"]
[WhiteElo "2610"]
[BlackElo "2468"]

1.d4 d6 2.e4 Nf6 3.Nc3 e5 4.dxe5 dxe5 5.Qxd8+ Kxd8 6.Bg5 Be6 7.g3 Be7 8.f4 h6
9.Bh4 g5 10.fxg5 Nh7 11.gxh6 Bxh4 12.gxh4 Nf6 13.Bh3 Bxh3 14.Nxh3 Rxh6 15.Ng5 Ke7
16.Rf1 c6 17.Rf5 Nbd7 18.Nf3 Ne8 19.Nxe5 Nd6 20.Rg5 Rxh4 21.O-O-O Nxe5 22.Rxe5+ Kf6
23.Ra5 Ke6 24.Na4 Nxe4 25.Re1 f5 26.Nc5+ Kf6 27.Nxb7 Rxh2 28.Ra6 Rc8 29.Na5 Ng3
30.Nxc6 Kg5 31.Nd4 Rh7 32.Ne6+ Kg4 33.Ra4+ Kf3 34.Rf4+ Kg2 35.Nd4 Rc5 36.b3 Rh2
37.Kb2 Kh3 38.b4 Rc4 39.Kb3 Rhxc2 40.Re3 Rc1 41.Rxg3+  1-0